000 00333nam a2200157Ia 4500
100 _aAvadhanulu/ Kshirsagar
250 _a1
942 _cBK
654 _aPhysics
245 _aA.T.B. of Engineering Physics
260 _bS.Chand and Co
_c2001
082 _a530
_bAVA/KSH
300 _a786
546 _aENGLISH
999 _c25384
_d25384